Gaming Quiz

Random Gaming or Toys Quiz

LEGO Batman 2: DC Superheros Characters (Map) Quiz Stats

 Plays Quiz not verified by Sporcle

Score 0/60 Timer 07:00
1 Play Today
% Correct
Batman
99.1%
Bruce
Wayne
99.1%
Robin
98%
Robin
(Damian
Wayne)
98%
The
Joker
95.3%
Wonder
Woman
94.9%
The
Flash
94.8%
Green
Lantern
93.1%
Superman
92.7%
Clark
Kent
92.7%
Riddler
Goon
92.5%
Harley
Quinn
92.2%
The
Riddler
91.9%
Catwoman
91.7%
Poison
Ivy
90.6%
Two-Face
90%
Two-Face
Goon
90%
Bane
89.7%
The
Penguin
89.2%
Batgirl
88.9%
Scarecrow
88.2%
Cyborg
87.5%
Aquaman
87.4%
Alfred
84.1%
Killer
Croc
82.6%
Hawkman
80.5%
Clayface
80.1%
Commissioner
Gordon
80%
Martian
Manhunter
79.5%
LexBot
78.8%
% Correct
Man-Bat
77.6%
Hawkgirl
77.2%
Nightwing
77.2%
Lex
Luthor
74.7%
Mad
Hatter
71%
Clown
Goon
70.8%
Mr.
Freeze
69%
Killer
Moth
69%
Ra's
al
Ghul
69%
Mime
Goon
68.8%
Sinestro
66.3%
Brainiac
61.7%
Hush
60.9%
Black
Manta
57.9%
Captain
Cold
57.1%
Huntress
56.7%
Black
Canary
56.7%
Bizarro
54.3%
Supergirl
53.8%
Gorilla
Grodd
51.1%
Lois
Lane
51%
Zatanna
48.7%
Captain
Boomerang
46.2%
Dick
Grayson
44.9%
Shazam
44.9%
General
Zod
41.6%
Vicki
Vale
39.6%
Black
Adam
36.4%
Policeman
22.9%
Katana
20.9%

You're not logged in!

Compare scores with friends on all Sporcle quizzes.
OR
Log In

Sporcle TV

Today on Sporcle TV


Watch our educational content, quiz creation guides, and fun videos on Sporcle TV.

Show Comments

Extras

Top Quizzes Today


Score Distribution

Your Account Isn't Verified!

In order to create a playlist on Sporcle, you need to verify the email address you used during registration. Go to your Sporcle Settings to finish the process.

Report this User

Report this user for behavior that violates our Community Guidelines.

Details: